[Event "URU-ch 94th"]
[Site "Montevideo"]
[Date "2024.03.27"]
[Round "6"]
[White "Rodriguez Vila, Andres"]
[Black "Genta, Alejandro"]
[Result "1-0"]
[WhiteElo "2419"]
[BlackElo "2064"]
[PlyCount "71"]
[EventDate "2024.03.23"]
[EventType "tourn"]
[EventRounds "11"]
[EventCountry "URU"]
[SourceTitle "CB14_2024"]
[SourceDate "2024.04.01"]
[SourceVersion "1"]
[SourceVersionDate "2024.04.01"]
[SourceQuality "1"]

1. e4 d6 2. d4 Nf6 3. f3 g6 4. c4 Bg7 5. Nc3 0-0 6. Bg5 c5 7. d5 a6 8. Qd2 Nbd7 9. a4 Qc7 10. Be2 Re8 11. Nh3 e5 12. dxe6 fxe6 13. Rd1 Ne5 14. Qxd6 Qxd6 15. Rxd6 Nf7 16. Rd1 Nxg5 17. Nxg5 h6 18. Nh3 Nd7 19. f4 Bxc3+ 20. bxc3 e5 21. Rd6 Kg7 22. fxe5 g5 23. Bh5 Rxe5 24. 0-0 Re7 25. Nf2 Ne5 26. Rd5 Bd7 27. a5 Nxc4 28. Ra1 Bc6 29. Rxc5 Nd2 30. Re1 Nb3 31. Rf5 Bd7 32. Rd5 Bc6 33. Rd6 Nxa5 34. Rg6+ Kh7 35. Ng4 Be8 36. Nf6+ 1-0

[Event "URU-ch 94th"]
[Site "Montevideo"]
[Date "2024.03.26"]
[Round "5"]
[White "Genta, Alejandro"]
[Black "Soto, Nicolas"]
[Result "1-0"]
[WhiteElo "2064"]
[BlackElo "1992"]
[PlyCount "55"]
[EventDate "2024.03.23"]
[EventType "tourn"]
[EventRounds "11"]
[EventCountry "URU"]
[SourceTitle "CB14_2024"]
[SourceDate "2024.04.01"]
[SourceVersion "1"]
[SourceVersionDate "2024.04.01"]
[SourceQuality "1"]

1. d4 d5 2. c4 c6 3. e3 Nf6 4. Nf3 Bf5 5. Nc3 e6 6. Nh4 Be4 7. f3 Bg6 8. g3 Be7 9. b3 Nbd7 10. Nxg6 hxg6 11. Bg2 b5 12. 0-0 bxc4 13. bxc4 0-0 14. Kh1 dxc4 15. e4 e5 16. Ne2 c5 17. d5 Bd6 18. Qc2 Rb8 19. a4 Rb4 20. Bd2 Qc7 21. Nc3 a6 22. Nd1 Rfb8 23. Ne3 Rb2 24. Qc1 c3 25. Bxc3 R2b7 26. Nc4 Rc8 27. Qc2 Rb4 28. Nxd6 1-0

[Event "URU-ch 94th"]
[Site "Montevideo"]
[Date "2024.03.23"]
[Round "1"]
[White "Genta, Alejandro"]
[Black "Dominguez, Facundo"]
[Result "1/2-1/2"]
[WhiteElo "2064"]
[BlackElo "2111"]
[PlyCount "123"]
[EventDate "2024.03.23"]
[EventType "tourn"]
[EventRounds "11"]
[EventCountry "URU"]
[SourceTitle "CB14_2024"]
[SourceDate "2024.04.01"]
[SourceVersion "1"]
[SourceVersionDate "2024.04.01"]
[SourceQuality "1"]

1. d4 Nf6 2. c4 e6 3. Nf3 Bb4+ 4. Bd2 Qe7 5. a3 Bxd2+ 6. Qxd2 0-0 7. Nc3 d6 8. e4 e5 9. d5 a5 10. Be2 Na6 11. b4 Nh5 12. g3 f5 13. Nh4 Nf4 14. Nxf5 Bxf5 15. exf5 Nxe2 16. Qxe2 axb4 17. axb4 Nxb4 18. Rxa8 Rxa8 19. 0-0 Rf8 20. Rb1 Na6 21. Rxb7 Qg5 22. Nb5 Qxf5 23. Ra7 Nc5 24. Nxc7 Qb1+ 25. Kg2 Nd3 26. Ra8 Ne1+ 27. Kh3 Rxa8 28. Nxa8 Qf5+ 29. Qg4 Qxf2 30. Qc8+ Qf8 31. Nb6 Nf3 32. Qxf8+ Kxf8 33. Nc8 Ng5+ 34. Kg2 Nf7 35. Kf3 Ke8 36. h4 Kd7 37. Nb6+ Kc7 38. Na4 g6 39. Nc3 Kd7 40. Ne4 Ke7 41. g4 h6 42. Ke3 h5 43. gxh5 gxh5 44. Ng3 Kf6 45. Nxh5+ Kf5 46. Ng7+ Kg4 47. h5 Kg5 48. Ke4 Kh6 49. Ne8 Kxh5 50. Kf5 Kh4 51. Nf6 Nd8 52. Ne4 Nb7 53. c5 dxc5 54. Kxe5 Kg4 55. Nd2 Kg5 56. Nc4 Kg4 57. Ke6 Kf4 58. Kd7 Kf5 59. Kc6 Ke4 60. Nb6 Ke5 61. Nd7+ Kd4 62. Nxc5 1/2-1/2

[Event "URU-ch sf"]
[Site "Montevideo"]
[Date "2024.02.13"]
[Round "7"]
[White "Soto, Nicolas"]
[Black "Genta, Alejandro"]
[Result "1/2-1/2"]
[WhiteElo "1991"]
[BlackElo "2054"]
[PlyCount "91"]
[EventDate "2024.02.09"]
[EventType "swiss"]
[EventRounds "7"]
[EventCountry "URU"]
[SourceTitle "CB08_2024"]
[SourceDate "2024.02.21"]
[SourceVersion "1"]
[SourceVersionDate "2024.02.21"]
[SourceQuality "1"]

1. e4 d6 2. d4 Nf6 3. Nc3 g6 4. h3 Bg7 5. Be3 c6 6. a4 a5 7. g4 0-0 8. Bg2 Nfd7 9. f4 c5 10. d5 Na6 11. Nge2 Nc7 12. 0-0 Rb8 13. Qd3 b6 14. Ra2 Ba6 15. Nb5 Nxb5 16. axb5 Bb7 17. c4 Qc7 18. Bd2 e6 19. g5 exd5 20. exd5 f6 21. h4 f5 22. Bc3 Rf7 23. Bxg7 Rxg7 24. Re1 Re8 25. Raa1 Rge7 26. Kf2 Nf8 27. Nc3 Rxe1 28. Rxe1 Rxe1 29. Kxe1 Qe7+ 30. Kf2 h6 31. Bh3 hxg5 32. hxg5 Bc8 33. Na4 Qd8 34. Qe3 Bd7 35. Bg2 Kf7 36. Bf3 Be8 37. Qc3 Kg8 38. Qe3 Bf7 39. Kg2 Nd7 40. Kf2 Qe8 41. Bd1 Kf8 42. Bc2 Qxe3+ 43. Kxe3 Ke7 44. Nc3 Be8 45. Ne2 Nf8 46. Ng3 1/2-1/2

[Event "URU-ch sf"]
[Site "Montevideo"]
[Date "2024.02.10"]
[Round "3"]
[White "Genta, Alejandro"]
[Black "Colosi, Felipe"]
[Result "1-0"]
[WhiteElo "2054"]
[BlackElo "1652"]
[PlyCount "69"]
[EventDate "2024.02.09"]
[EventType "swiss"]
[EventRounds "7"]
[EventCountry "URU"]
[SourceTitle "CB08_2024"]
[SourceDate "2024.02.21"]
[SourceVersion "1"]
[SourceVersionDate "2024.02.21"]
[SourceQuality "1"]

1. d4 Nf6 2. Bf4 d5 3. e3 e6 4. Nd2 Bd6 5. Bg3 0-0 6. Bd3 Nbd7 7. c3 e5 8. Ne2 Re8 9. 0-0 b6 10. c4 exd4 11. Nxd4 Ne5 12. Be2 Nxc4 13. Nxc4 Bxg3 14. hxg3 dxc4 15. Bf3 Ne4 16. Qc2 Bb7 17. Rfd1 Qg5 18. Qxc4 Qe5 19. Nc6 Qc5 20. Qxc5 Nxc5 21. b4 Ne6 22. Rac1 g6 23. Bd5 a6 24. Bxe6 fxe6 25. Rd7 Bxc6 26. Rxc6 Red8 27. Rdxc7 Rd1+ 28. Kh2 Rd2 29. f3 Rf8 30. Rxb6 Rxa2 31. Kh3 a5 32. bxa5 Rxa5 33. Rxe6 Rb8 34. g4 g5 35. Ree7 1-0

[Event "Colonia del Sacramento op 3rd"]
[Site "Colonia del Sacramento"]
[Date "2022.05.21"]
[Round "?"]
[White "De la Torre, Andres"]
[Black "Genta, Alejandro"]
[Result "0-1"]
[WhiteElo "1669"]
[BlackElo "2046"]
[PlyCount "70"]
[EventDate "2022.05.20"]
[EventType "swiss"]
[EventRounds "5"]
[EventCountry "URU"]
[SourceTitle "CBM 208 Extra"]
[Source "ChessBase"]
[SourceDate "2022.07.31"]
[SourceVersion "1"]
[SourceVersionDate "2022.07.31"]
[SourceQuality "1"]

1. Nf3 c5 2. g3 d5 3. Bg2 Nf6 4. d3 Nc6 5. Nbd2 g6 6. c3 Bg7 7. 0-0 0-0 8. Nb3 b6 9. Bf4 Nh5 10. Bd2 e5 11. e4 dxe4 12. dxe4 a5 13. Bg5 Qc7 14. Qc2 f5 15. Bd2 f4 16. Rad1 c4 17. Nc1 Nd8 18. Ne2 Ne6 19. b3 Kh8 20. bxc4 Ba6 21. Bc1 Bxc4 22. Rfe1 Nc5 23. Ba3 fxg3 24. hxg3 Nf6 25. Ng5 h6 26. Bxc5 Qxc5 27. Nf3 Ng4 28. Nc1 Ra7 29. Nd3 Qa3 30. Re2 Raf7 31. Nh2 Nxf2 32. Rxf2 Bxd3 33. Rxd3 Rxf2 34. Qb3 Qc1+ 35. Qd1 Qb2 0-1

[Event "Punta del Este Alekhine op"]
[Site "Punta del Este"]
[Date "2020.03.06"]
[Round "1"]
[White "Guerra Guerra, Miguel"]
[Black "Genta, Alejandro"]
[Result "0-1"]
[WhiteElo "1627"]
[BlackElo "1997"]
[PlyCount "56"]
[EventDate "2020.03.06"]
[EventType "swiss"]
[EventRounds "5"]
[EventCountry "URU"]
[SourceTitle "EXT 2021"]
[Source "ChessBase"]
[SourceDate "2020.10.23"]
[SourceVersion "1"]
[SourceVersionDate "2020.10.23"]
[SourceQuality "1"]

1. d4 Nf6 2. Nf3 g6 3. c4 Bg7 4. Nc3 0-0 5. e4 d6 6. Be2 Nbd7 7. 0-0 e5 8. d5 Nc5 9. Nd2 a5 10. f3 Nh5 11. Nb3 Nxb3 12. axb3 Bd7 13. Bd3 f5 14. f4 fxe4 15. Bxe4 Nxf4 16. Bxf4 exf4 17. Bf3 b6 18. Qd2 g5 19. h3 Qf6 20. Rfe1 Rae8 21. Rxe8 Rxe8 22. Kf1 Qd4 23. Qxd4 Bxd4 24. Re1 Rxe1+ 25. Kxe1 Bxc3+ 26. bxc3 Bf5 27. Kd2 Kg7 28. Be2 Be4 0-1

[Event "URU-ch Seniors 50"]
[Site "Montevideo"]
[Date "2018.06.15"]
[Round "1.5"]
[White "Schenck, Wilde"]
[Black "Genta, Alejandro"]
[Result "0-1"]
[WhiteElo "1584"]
[BlackElo "1986"]
[PlyCount "84"]
[EventDate "2018.06.15"]
[EventType "swiss"]
[EventRounds "5"]
[EventCountry "URU"]
[SourceTitle "EXT 2019"]
[Source "ChessBase"]
[SourceDate "2018.10.10"]
[SourceVersion "1"]
[SourceVersionDate "2018.10.10"]
[SourceQuality "1"]

1. c4 Nf6 2. Nc3 g6 3. g3 Bg7 4. Bg2 0-0 5. e4 c5 6. Nge2 Nc6 7. 0-0 d6 8. d3 Bd7 9. h3 a6 10. Kh2 Rb8 11. Bg5 b5 12. Qd2 Ne8 13. Rab1 Nc7 14. Bh6 Ne6 15. Bxg7 Kxg7 16. b3 Qa5 17. Qb2 f6 18. f4 Ned4 19. Nxd4 Nxd4 20. Ne2 bxc4 21. Nxd4 cxd4 22. Qxd4 cxd3 23. Qa7 Rfd8 24. Qf2 Rdc8 25. Qa7 Rd8 26. Qf2 Rbc8 27. Rb2 Rc3 28. Rd1 Rdc8 29. Rdd2 Qc5 30. Qf3 Rc1 31. Rd1 Rc2 32. Rd2 Rxb2 33. Rxb2 Qc1 34. Rf2 Rc2 35. Rf1 Qb2 36. Rg1 d2 37. Rd1 Rc1 38. Qe2 Rxd1 39. Qxd1 Qc1 40. Bf3 Bb5 41. a4 Bd3 42. g4 Bxe4 0-1

[Event "Rio de Janeiro Duchamp op U2200"]
[Site "Rio de Janeiro"]
[Date "2017.11.18"]
[Round "5"]
[White "Bueno, Alfeu Varela Jr"]
[Black "Genta, Alejandro"]
[Result "1-0"]
[WhiteElo "2186"]
[BlackElo "2036"]
[PlyCount "109"]
[EventDate "2017.11.11"]
[EventType "swiss"]
[EventRounds "5"]
[EventCountry "BRA"]
[SourceTitle "EXT 2019"]
[Source "ChessBase"]
[SourceDate "2018.10.10"]
[SourceVersion "1"]
[SourceVersionDate "2018.10.10"]
[SourceQuality "1"]

1. e4 c5 2. Nc3 e6 3. f4 Nc6 4. Nf3 Nge7 5. Bb5 a6 6. Bxc6 Nxc6 7. d3 Be7 8. 0-0 0-0 9. Qe1 d5 10. Qg3 f5 11. e5 b5 12. a4 b4 13. Ne2 a5 14. Qf2 Ba6 15. h3 b3 16. c4 Nb4 17. Rd1 dxc4 18. d4 Rc8 19. Ne1 Nd3 20. Nxd3 cxd3 21. Nc3 c4 22. Kh2 Kh8 23. Rg1 Bb7 24. Be3 Qd7 25. Nb5 Bb4 26. Bd2 Bxd2 27. Qxd2 Ra8 28. Nd6 Bd5 29. Rgc1 Rfc8 30. Nxc8 Qxc8 31. Rg1 Qb7 32. g4 Qb6 33. Qc3 Rd8 34. gxf5 exf5 35. Rg5 Be6 36. Rag1 Qxd4 37. Qxd4 Rxd4 38. Rxg7 Rd8 39. Re7 Bg8 40. e6 d2 41. Rd7 Re8 42. e7 Bf7 43. Rd1 Kg7 44. R1xd2 Be6 45. Ra7 Kf7 46. Rxa5 Rxe7 47. Rc5 Ra7 48. a5 Ra6 49. Rd8 Kf6 50. Kg3 h6 51. Kh4 c3 52. bxc3 Ke7 53. Rb8 Rd6 54. Rb7+ Kf6 55. Rb6 1-0

[Event "Montevideo Trebejos op 10"]
[Site "Montevideo"]
[Date "2017.10.19"]
[Round "5"]
[White "Genta, Alejandro"]
[Black "Pena Canapa, Alfredo"]
[Result "1/2-1/2"]
[WhiteElo "2021"]
[BlackElo "1917"]
[PlyCount "138"]
[EventDate "2017.10.03"]
[EventType "swiss"]
[EventRounds "6"]
[EventCountry "URU"]
[SourceTitle "CBM 181 Extra"]
[Source "ChessBase"]
[SourceDate "2017.12.12"]
[SourceVersion "1"]
[SourceVersionDate "2017.12.12"]
[SourceQuality "1"]

1. d4 Nf6 2. c4 c5 3. d5 b5 4. Qc2 bxc4 5. e4 g6 6. Nc3 d6 7. Bxc4 Bg7 8. f4 0-0 9. Nf3 Ba6 10. Bxa6 Nxa6 11. 0-0 Qb6 12. Qe2 Nc7 13. Kh1 a5 14. Bd2 Rfb8 15. b3 Qa6 16. Qe1 Qd3 17. Rd1 Qa6 18. Bc1 Nb5 19. Na4 Na7 20. Nd2 Qd3 21. Rf3 Qa6 22. Nc4 Rb4 23. Nab2 a4 24. Nd3 Rbb8 25. Nd2 axb3 26. axb3 Nb5 27. Bb2 Nd4 28. Bxd4 cxd4 29. h3 Qb5 30. Rg3 Rc8 31. Rf3 Rc3 32. Nc1 Ra1 33. Ne2 Rxd1 34. Qxd1 Rxf3 35. Nxd4 Rxh3+ 36. gxh3 Qd3 37. N4f3 Nxe4 38. Qc1 Nf2+ 39. Kg2 Qe2 40. Qf1 Qxf1+ 41. Nxf1 Nd3 42. Kg3 Bc3 43. Ng1 Nc5 44. Kf3 Nxb3 45. Ke4 Nc5+ 46. Ke3 Nd7 47. Kd3 Ba5 48. Ne2 Nf6 49. Kc4 Ne4 50. Ne3 Bb6 51. Ng2 f5 52. Nc3 Nxc3 53. Kxc3 Kf7 54. Kd3 e6 55. dxe6+ Kxe6 56. Ne1 Bf2 57. Nf3 h6 58. Ke2 Bg3 59. Ke3 Kd5 60. Nd2 Kc5 61. Nf1 Be1 62. Kd3 g5 63. Ne3 gxf4 64. Nxf5 f3 65. Nxh6 Kd5 66. Ng4 f2 67. Ke2 Ke4 68. Nxf2+ Bxf2 69. Kxf2 Kf4 1/2-1/2

[Event "Montevideo Trebejos op 10"]
[Site "Montevideo"]
[Date "2017.10.17"]
[Round "4"]
[White "Avedisian, Alexander"]
[Black "Genta, Alejandro"]
[Result "1/2-1/2"]
[WhiteElo "1883"]
[BlackElo "2021"]
[PlyCount "52"]
[EventDate "2017.10.03"]
[EventType "swiss"]
[EventRounds "6"]
[EventCountry "URU"]
[SourceTitle "CBM 181 Extra"]
[Source "ChessBase"]
[SourceDate "2017.12.12"]
[SourceVersion "1"]
[SourceVersionDate "2017.12.12"]
[SourceQuality "1"]

1. g3 d5 2. Nf3 c5 3. Bg2 Nc6 4. 0-0 Nf6 5. d3 e5 6. Na3 Be7 7. e4 0-0 8. b3 Re8 9. Bb2 d4 10. Nc4 Nd7 11. a4 b6 12. Bc1 Rb8 13. Ne1 a6 14. f4 b5 15. axb5 axb5 16. Nxe5 Ndxe5 17. fxe5 Be6 18. Nf3 c4 19. bxc4 bxc4 20. Ba3 cxd3 21. cxd3 Bxa3 22. Rxa3 Bg4 23. Qa4 Bd7 24. Qc4 Rc8 25. Qd5 Be6 26. Qb5 h6 1/2-1/2

[Event "Montevideo Trebejos op 10"]
[Site "Montevideo"]
[Date "2017.10.05"]
[Round "2"]
[White "Barboza, Mauro"]
[Black "Genta, Alejandro"]
[Result "1/2-1/2"]
[WhiteElo "1875"]
[BlackElo "2021"]
[PlyCount "43"]
[EventDate "2017.10.03"]
[EventType "swiss"]
[EventRounds "6"]
[EventCountry "URU"]
[SourceTitle "CBM 181 Extra"]
[Source "ChessBase"]
[SourceDate "2017.12.12"]
[SourceVersion "1"]
[SourceVersionDate "2017.12.12"]
[SourceQuality "1"]

1. e4 c5 2. Nf3 e6 3. d4 cxd4 4. Nxd4 a6 5. a3 Nf6 6. Nc3 Qc7 7. Be3 b5 8. Be2 Bb7 9. f3 d5 10. exd5 Nxd5 11. Nxd5 Bxd5 12. 0-0 Nd7 13. Kh1 Bc5 14. Nf5 Qe5 15. Bxc5 Nxc5 16. Qd4 Qxd4 17. Nxd4 0-0 18. Rfd1 Na4 19. Rab1 Rfc8 20. c3 Kf8 21. Rd2 Rc7 22. Kg1 1/2-1/2

[Event "URU-ch sf"]
[Site "Montevideo"]
[Date "2017.02.26"]
[Round "4"]
[White "Figueroa, Alfonso"]
[Black "Genta, Alejandro"]
[Result "0-1"]
[WhiteElo "1801"]
[BlackElo "2054"]
[PlyCount "67"]
[EventDate "2017.02.24"]
[EventType "swiss"]
[EventRounds "8"]
[EventCountry "URU"]
[SourceTitle "CBM 177 Extra"]
[Source "ChessBase"]
[SourceDate "2017.04.27"]
[SourceVersion "1"]
[SourceVersionDate "2017.04.27"]
[SourceQuality "1"]

1. d4 Nf6 2. c4 e6 3. Nf3 b6 4. g3 Ba6 5. b3 Bb4+ 6. Bd2 Be7 7. Nc3 d5 8. cxd5 exd5 9. e3 Bxf1 10. Kxf1 0-0 11. Kg2 Nbd7 12. Re1 c5 13. dxc5 bxc5 14. Bc1 Nb6 15. Bb2 Qc7 16. Rc1 Qb7 17. Kg1 Rfe8 18. Nd2 Nfd7 19. Ne2 Bf8 20. Nf4 Rad8 21. Qg4 Ne5 22. Bxe5 Rxe5 23. Nd3 Ree8 24. Nxc5 Bxc5 25. Rxc5 d4 26. Nc4 Nxc4 27. Rxc4 dxe3 28. Rxe3 Rxe3 29. fxe3 h5 30. Qe2 g6 31. Rd4 Re8 32. Qd2 Qb6 33. Kf2 Qc6 34. Rd8 0-1

[Event "Montevideo Duchamp Cup 1st"]
[Site "Montevideo"]
[Date "2017.02.11"]
[Round "3"]
[White "Coppola, Claudio"]
[Black "Genta, Alejandro"]
[Result "1-0"]
[WhiteElo "2266"]
[BlackElo "2054"]
[PlyCount "49"]
[EventDate "2017.02.09"]
[EventType "swiss"]
[EventRounds "9"]
[EventCountry "URU"]
[SourceTitle "CBM 176 Extra"]
[Source "ChessBase"]
[SourceDate "2017.03.02"]
[SourceVersion "1"]
[SourceVersionDate "2017.03.02"]
[SourceQuality "1"]

1. b3 d5 2. Nf3 Nf6 3. Bb2 Bf5 4. g3 h6 5. Bg2 e6 6. 0-0 Be7 7. d3 0-0 8. Nbd2 c5 9. Ne5 Nbd7 10. e4 Bh7 11. f4 Rc8 12. exd5 exd5 13. Bh3 Rc7 14. Qf3 Nb6 15. Rae1 d4 16. Ndc4 Nfd5 17. a4 Bf6 18. Bg2 Nxc4 19. Nxc4 Nb4 20. Rf2 Bf5 21. Ba3 Be6 22. Bxb4 cxb4 23. Qh5 Bxc4 24. bxc4 Re7 25. Be4 1-0

[Event "Montevideo Duchamp Cup 1st"]
[Site "Montevideo"]
[Date "2017.02.10"]
[Round "2"]
[White "Genta, Alejandro"]
[Black "Guidali, Leonardo"]
[Result "1-0"]
[WhiteElo "2054"]
[BlackElo "1633"]
[PlyCount "61"]
[EventDate "2017.02.09"]
[EventType "swiss"]
[EventRounds "9"]
[EventCountry "URU"]
[SourceTitle "CBM 176 Extra"]
[Source "ChessBase"]
[SourceDate "2017.03.02"]
[SourceVersion "1"]
[SourceVersionDate "2017.03.02"]
[SourceQuality "1"]

1. d4 d5 2. c4 c6 3. Nc3 Nf6 4. e3 e6 5. Nf3 Nbd7 6. Bd3 dxc4 7. Bxc4 b5 8. Be2 a6 9. 0-0 Bb7 10. a3 c5 11. dxc5 Bxc5 12. b4 Bb6 13. a4 Rc8 14. Bb2 a5 15. Nxb5 0-0 16. Nd6 Bxf3 17. Bxf3 Rb8 18. bxa5 Bxa5 19. Nb7 Qb6 20. Bd4 Qa6 21. Nxa5 Qxa5 22. Qe1 Qxe1 23. Rfxe1 e5 24. Bc3 e4 25. Be2 Nd5 26. Bd4 Nb4 27. Rec1 Nd3 28. Rc7 N7e5 29. a5 Rfc8 30. Rxc8+ Rxc8 31. a6 1-0

[Event "URU-ch Amateur"]
[Site "Colonia del Sacramento"]
[Date "2016.07.18"]
[Round "7.6"]
[White "Genta, Alejandro"]
[Black "Suarez, Pedro Martin"]
[Result "0-1"]
[WhiteElo "2081"]
[BlackElo "1574"]
[PlyCount "50"]
[EventDate "2016.07.15"]
[EventType "swiss"]
[EventRounds "7"]
[EventCountry "URU"]
[SourceTitle "EXT 2024"]
[Source "ChessBase"]
[SourceDate "2023.10.10"]
[SourceVersion "1"]
[SourceVersionDate "2023.10.10"]
[SourceQuality "1"]

1. d4 Nf6 2. c4 e6 3. Nc3 Bb4 4. e3 c5 5. Nge2 0-0 6. a3 cxd4 7. axb4 dxc3 8. Nxc3 b6 9. Be2 Bb7 10. 0-0 Qe7 11. b3 Rd8 12. b5 d5 13. Ba3 Qc7 14. Qc2 Nbd7 15. Rfc1 dxc4 16. Na4 Ne5 17. f3 Nd5 18. e4 Nf4 19. Bxc4 Rac8 20. Nb2 h5 21. Bb4 Ba8 22. Be1 Qc5+ 23. Bf2 Qe7 24. h4 g5 25. Bg3 Qf6 0-1

[Event "Punta del Este op 4th"]
[Site "Punta del Este"]
[Date "2015.11.15"]
[Round "4"]
[White "Magaldi, Nelson"]
[Black "Genta, Alejandro"]
[Result "1-0"]
[WhiteElo "2037"]
[BlackElo "2068"]
[PlyCount "103"]
[EventDate "2015.11.13"]
[EventType "swiss"]
[EventRounds "5"]
[EventCountry "URU"]
[SourceTitle "CBM 169 Extra"]
[Source "ChessBase"]
[SourceDate "2015.12.18"]
[SourceVersion "1"]
[SourceVersionDate "2015.12.18"]
[SourceQuality "1"]

1. e4 c5 2. Nc3 e6 3. f4 Nc6 4. Nf3 a6 5. a4 d5 6. d3 Nf6 7. e5 Nd7 8. Be2 Be7 9. 0-0 0-0 10. Qe1 f5 11. Bd1 Rb8 12. a5 b5 13. axb6 Nxb6 14. Kh1 Bb7 15. Bd2 Qd7 16. b3 d4 17. Na4 Nd5 18. Nb2 Nd8 19. Nc4 Nf7 20. Qg3 Kh8 21. h3 Rg8 22. Ng5 Rbf8 23. Nf3 g6 24. Be2 Rg7 25. Rfe1 Rfg8 26. Ng5 h6 27. Nxf7+ Rxf7 28. Bf3 g5 29. fxg5 hxg5 30. Nd6 Bxd6 31. exd6 f4 32. Qg4 Ne3 33. Bxe3 Bxf3 34. Bxd4+ cxd4 35. Qxf3 Qxd6 36. Ra5 Qe7 37. Ree5 Rf5 38. Qe4 Qh7 39. Rxf5 exf5 40. Qxd4+ Qg7 41. Qxg7+ Kxg7 42. Rxf5 Kg6 43. Ra5 Re8 44. Rxa6+ Kh5 45. Ra4 Re2 46. Rc4 Kh4 47. Kh2 Kh5 48. Kg1 Rd2 49. Kf1 Rd1+ 50. Ke2 Rg1 51. Kf2 Rd1 52. Rc8 1-0

[Event "URU-ch sf"]
[Site "Colonia del Sacramento"]
[Date "2015.02.16"]
[Round "6"]
[White "Sosa Macho, Juan Manuel"]
[Black "Genta, Alejandro"]
[Result "1/2-1/2"]
[WhiteElo "2151"]
[BlackElo "2085"]
[PlyCount "111"]
[EventDate "2015.02.13"]
[EventType "swiss"]
[EventRounds "9"]
[EventCountry "URU"]
[SourceTitle "EXT 2017"]
[Source "ChessBase"]
[SourceDate "2016.10.25"]
[SourceVersion "1"]
[SourceVersionDate "2016.10.25"]
[SourceQuality "1"]

1. d4 Nf6 2. c4 c5 3. d5 b5 4. Nf3 g6 5. Qc2 Bg7 6. e4 d6 7. cxb5 a6 8. Nc3 0-0 9. h3 Nbd7 10. a4 Ne8 11. Bd2 Nc7 12. Ra3 axb5 13. axb5 Rb8 14. Be2 Nb6 15. 0-0 Bd7 16. Rd1 Rb7 17. Bf1 Qb8 18. Bf4 f6 19. Rb1 Rc8 20. Qd2 Nba8 21. Rba1 Nb6 22. Ne1 Be8 23. Nc2 Nd7 24. Bg3 Ne5 25. f4 Nf7 26. b4 Nxb5 27. Nxb5 Bxb5 28. bxc5 Bxf1 29. c6 Rb1 30. Rxb1 Qxb1 31. Ra1 Qb3 32. Kxf1 Qxg3 33. Ra3 Qh2 34. Nd4 Nd8 35. Ra7 e5 36. Nb5 Qxf4+ 37. Qxf4 exf4 38. Nxd6 Nxc6 39. Rxg7+ Kxg7 40. Nxc8 Ne5 41. Ke1 g5 42. Ne7 Kf7 43. Nf5 h5 44. Kd2 h4 45. Kc3 f3 46. gxf3 Nxf3 47. Kc4 Ng1 48. Kc5 Nxh3 49. Kc6 Nf4 50. d6 h3 51. d7 Ne6 52. Kd6 Nd8 53. Kc7 h2 54. Ng3 Ne6+ 55. Kd6 Nd8 56. Kc7 1/2-1/2

[Event "URU-ch sf"]
[Site "Colonia del Sacramento"]
[Date "2015.02.15"]
[Round "5"]
[White "Genta, Alejandro"]
[Black "Granara Barreto, Sebastian A"]
[Result "1/2-1/2"]
[WhiteElo "2085"]
[BlackElo "2159"]
[PlyCount "51"]
[EventDate "2015.02.13"]
[EventType "swiss"]
[EventRounds "9"]
[EventCountry "URU"]
[SourceTitle "EXT 2017"]
[Source "ChessBase"]
[SourceDate "2016.10.25"]
[SourceVersion "1"]
[SourceVersionDate "2016.10.25"]
[SourceQuality "1"]

1. d4 Nf6 2. c4 e6 3. Nc3 Bb4 4. e3 0-0 5. Nge2 b6 6. a3 Be7 7. e4 d5 8. e5 Ne8 9. cxd5 exd5 10. Nf4 c6 11. Bd3 g6 12. 0-0 Ng7 13. b4 a6 14. Nce2 f5 15. Bc2 g5 16. Nd3 f4 17. f3 Bf5 18. g4 fxg3 19. hxg3 Qd7 20. g4 Bxg4 21. fxg4 Qxg4+ 22. Kh2 Qh4+ 23. Kg2 Qe4+ 24. Kh2 Qh4+ 25. Kg2 Qe4+ 26. Kh2 1/2-1/2

[Event "URU-ch sf"]
[Site "Colonia del Sacramento"]
[Date "2015.02.15"]
[Round "4"]
[White "Savino, Horacio"]
[Black "Genta, Alejandro"]
[Result "0-1"]
[WhiteElo "1906"]
[BlackElo "2085"]
[PlyCount "48"]
[EventDate "2015.02.13"]
[EventType "swiss"]
[EventRounds "9"]
[EventCountry "URU"]
[SourceTitle "EXT 2017"]
[Source "ChessBase"]
[SourceDate "2016.10.25"]
[SourceVersion "1"]
[SourceVersionDate "2016.10.25"]
[SourceQuality "1"]

1. d4 Nf6 2. Nf3 c5 3. d5 g6 4. c4 b5 5. e3 b4 6. Bd3 d6 7. 0-0 Bg7 8. e4 0-0 9. Re1 e5 10. dxe6 Bxe6 11. Bg5 Nc6 12. Nbd2 h6 13. Be3 Ng4 14. Qc2 Nxe3 15. Rxe3 a5 16. Rd1 a4 17. Qb1 Qf6 18. e5 dxe5 19. Ne4 Qe7 20. Be2 Rfd8 21. Red3 Rxd3 22. Bxd3 f5 23. Nd6 Qxd6 24. Bxf5 Bxf5 0-1